千葉県の駅名一覧 - Statistics

General Stats
  • This quiz has been taken 213 times
  • The average score is 232 of 381
Answer Stats
Hint Answer % Correct
JB30 | T23 | TR01 西船橋
98%
CM03 | JB39 | JO28 千葉
98%
JB31 | JO25 | TD35 船橋
97%
JB35 幕張
97%
JB33 | JO26 津田沼
96%
JJ07 | JL28 | TD24
96%
JB27 | JO24 市川
95%
JB34 幕張本郷
95%
JJ06 | JL22 | SL01 松戸
95%
JB37 | JO27 稲毛
94%
銚子
94%
JB38 西千葉
93%
JE07 舞浜
93%
JO35 成田
93%
JB28 本八幡
92%
JB32 東船橋
92%
JO31 四街道
92%
JE08 新浦安
92%
JE14 海浜幕張
92%
蘇我
92%
JB36 新検見川
91%
JE13 幕張豊砂
91%
木更津
91%
JO37 | KS42 成田空港
91%
JJ08 | JL30 我孫子
90%
君津
90%
KS54 検見川
90%
JO33 佐倉
89%
JL25 | JM15 新松戸
89%
JE09 市川塩浜
89%
JE11 | JM10 南船橋
89%
JO29 東千葉
88%
JE15 検見川浜
88%
JE16 稲毛海岸
88%
CM01 | JE17 千葉みなと
88%
本千葉
88%
JB29 下総中山
87%
JE12 新習志野
87%
JE10 二俣新町
85%
HS05 | JM13 東松戸
85%
館山
85%
安房鴨川
85%
上総一ノ宮
85%
東金
85%
KS26 | SL24 京成津田沼
85%
KS33 ユーカリが丘
85%
RN6 流山
85%
JL29 北柏
84%
大網
84%
成東
83%
JL27 南柏
83%
JM16 | TX10 南流山
83%
JO34 酒々井
83%
CM11 | JO30 都賀
82%
五井
82%
HS08 | SL11 | TD30 新鎌ヶ谷
82%
JJ09 | JL31 天王台
81%
JL23 北松戸
81%
KS59 京成千葉
81%
T18 浦安
81%
勝浦
80%
久留里
80%
KS44 東成田
80%
TD22 | TX12 流山おおたかの森
80%
JL24 | RN1 馬橋
79%
誉田
79%
茂原
79%
JL26 北小金
78%
JM11 船橋法典
78%
JM12 市川大野
78%
KS22 京成船橋
78%
KS65 ちはら台
78%
SR01 芝山千代田
78%
TR09 東葉勝田台
78%
JO36 | KS41 空港第2ビル
78%
JM14 新八柱
77%
KS31 勝田台
77%
TD31 鎌ヶ谷
77%
袖ケ浦
76%
JO32 物井
75%
姉ケ崎
75%
鎌取
75%
KS40 京成成田
75%
KS53 京成幕張
75%
HS14 印旛日本医大
75%
八街
73%
浜野
73%
佐原
73%
KS35 京成佐倉
73%
SL23 新津田沼
73%
72%
土気
72%
新茂原
72%
KS16 京成八幡
72%
KS60 千葉中央
72%
HS12 千葉ニュータウン中央
72%
SL19 | TR04 北習志野
72%
KS52 京成幕張本郷
71%
香取
70%
SL20 習志野
70%
大原
69%
八幡宿
68%
東我孫子
68%
KS20 京成西船
68%
KS24 船橋競馬場
68%
KS29 八千代台
68%
KS43 成田湯川
68%
HS13 印西牧の原
68%
TD17 野田市
68%
T20 行徳
68%
T22 原木中山
68%
中学校
68%
行川アイランド
67%
上総亀山
67%
KS64 おゆみ野
67%
T19 南行徳
67%
T21 妙典
67%
御宿
66%
KS36 大佐倉
66%
KS55 京成稲毛
66%
SL05 八柱
66%
TX13 柏の葉キャンパス
66%
八日市場
65%
下総松崎
65%
KS14 市川真間
65%
KS18 京成中山
65%
KS61 千葉寺
65%
CD09 犬吠
65%
女子大
65%
南酒々井
64%
木下
64%
KS13 国府台
64%
KS21 海神
64%
松岸
63%
上総湊
63%
KS27 京成大久保
63%
KS37 京成酒々井
63%
KS58 新千葉
63%
公園
63%
巌根
62%
浜金谷
62%
HS10 白井
62%
SL13 鎌ヶ谷大仏
62%
TD34 新船橋
62%
TR02 東海神
62%
横芝
61%
KS17 鬼越
61%
KS39 公津の杜
61%
KS57 西登戸
61%
TR06 八千代緑が丘
61%
TX14 柏たなか
61%
CM18 県庁前
61%
安房小湊
60%
KS34 京成臼井
60%
KS38 宗吾参道
60%
KS19 東中山
59%
KS63 学園前
58%
TD25 新柏
58%
TR03 飯山満
58%
TR05 船橋日大前
58%
SL09 くぬぎ山
57%
TD15 清水公園
56%
TR07 八千代中央
56%
CM08 スポーツセンター
56%
上総中野
56%
東浪見
55%
求名
55%
十二橋
55%
KS23 大神宮下
55%
KS28 実籾
55%
KS30 京成大和田
55%
SL17 高根公団
55%
SL21 薬園台
55%
TR08 村上
55%
TX11 流山セントラルパーク
55%
リゾートゲートウェイ・ステーション
55%
本納
54%
下総神崎
54%
HS02 矢切
54%
TD23 豊四季
54%
大多喜
54%
SL03 松戸新田
53%
CD10 外川
53%
長浦
52%
安食
52%
KS15 菅野
52%
KS25 谷津
52%
HS09 西白井
52%
SL12 初富
52%
SL22 前原
52%
TD19 運河
52%
CM02 市役所前
52%
CM15 千城台
52%
安房天津
51%
SL18 高根木戸
51%
TD28 高柳
51%
TD29 六実
51%
千倉
50%
KS32 志津
50%
KS56 みどり台
50%
SL10 北初富
50%
CD04 本銚子
50%
福俵
49%
HS11 小室
49%
SL04 みのり台
49%
TD14 七光台
49%
飯岡
48%
永田
48%
上総興津
48%
KS62 大森台
48%
SL02 上本郷
48%
TD27 逆井
48%
CM04 千葉公園
48%
CM09 動物公園
48%
東京ディズニーランド・ステーション
48%
東京ディズニーシー・ステーション
48%
富浦
47%
八積
47%
湖北
47%
小林
47%
養老渓谷
47%
HS04 秋山
46%
地区センター
46%
松尾
45%
佐貫町
45%
下総橘
45%
布佐
45%
SL07 五香
44%
SL15 三咲
44%
TD20 江戸川台
44%
TD26 増尾
44%
ベイサイド・ステーション
44%
日向
43%
新木
43%
HS07 大町
43%
TD32 馬込沢
43%
RN2 幸谷
43%
猿田
42%
保田
42%
那古船形
42%
HS06 松飛台
42%
SL14 二和向台
42%
TD16 愛宕
42%
井野
42%
長者町
41%
祇園
41%
HS03 北国分
41%
上総牛久
41%
榎戸
40%
小見川
40%
SL06 常盤平
40%
SL16 滝不動
40%
TD33 塚田
40%
CD05 笠上黒生
40%
CM05 作草部
40%
CM17 葭川公園
40%
海士有木
40%
飯倉
39%
干潟
39%
竹岡
39%
和田浦
39%
太東
39%
TD21 初石
39%
CD07 海鹿島
39%
CM14 千城台北
39%
青堀
38%
大貫
38%
千歳
38%
SL08 元山
38%
TD13 川間
38%
TD18 梅郷
38%
RN4 鰭ヶ崎
38%
CM06 天台
38%
岩井
37%
鵜原
37%
横田
37%
RN3 小金城趾
37%
CD06 西海鹿島
37%
浪花
36%
久住
36%
滑河
36%
CM07 穴川
36%
九重
35%
江見
35%
上総清川
35%
下総豊里
34%
倉橋
33%
安房勝山
33%
太海
33%
CM16 栄町
33%
三門
32%
水郷
32%
東横田
32%
RN5 平和台
32%
CD03 観音
32%
CM10 みつわ台
32%
東清川
31%
椎柴
30%
馬来田
30%
CD02 仲ノ町
30%
西大原
30%
上総村上
30%
上総鶴舞
30%
上総松丘
29%
CD08 君ヶ浜
29%
光風台
29%
南三原
28%
上総大久保
28%
CM12 桜木
27%
大戸
26%
笹川
25%
小櫃
25%
CM13 小倉台
25%
平山
22%
上総東
22%
総元
22%
上総山田
22%
上総久保
22%
国吉
21%
城見ヶ丘
21%
飯給
20%
上総三又
19%
馬立
19%
里見
19%
下郡
18%
俵田
18%
東総元
18%
久我原
18%
上総川間
18%
高滝
18%
月崎
18%
上総中川
17%
新田野
14%
西畑
14%
小谷松
8%
No matching quizzes found
Score Distribution
Percent of People with Each Score
Percentile by Number Answered
Your Score History
You have not taken this quiz